00530nam a2200193 a 4500001001300000003000900013005001700022008004100039020002300080082001300103100001500116245004900131260003700180300000900217500003500226505003300261650002700294700001500321nice12345678IN_TiNIC20260116014324.0100308s2006 dela grp 000 0 eng  a9798189582950c75000a155bVER aVerma, R B aDevelopmental Psychology & Human Development aDelhi bAlfa Publications c2006 a278p aincludes index and biblioraphy2 aSelected Bibliography, Index aPsychology-Development1 aVerma, R B